[Event "43rd Guernsey Festival 2017"]
[Site "Vale"]
[Date "2017.10.15"]
[Round "1"]
[White "Le Roux, Jean-Pierre"]
[Black "Rowe, Peter"]
[Result "1-0"]
[WhiteElo "2554"]
[BlackElo "1974"]
[Annotator "TA"]
[PlyCount "27"]
[EventDate "2017.??.??"]
[EventType "swiss"]
[EventCountry "GCI"]
[SourceTitle "playchess.com"]
[Source "ChessBase"]
[SourceQuality "1"]

{[%evp 14,27,25,20,31,36,49,41,53,17,56,31,256,252,245,253]} 1. d4 d6 2. e4 Nf6 3. Nc3 Nbd7 4. g3 e5 5. Nge2 Be7 6. Bg2 O-O 7. O-O c6 8. a4 a5 {B07: Pirc Defence: Miscellaneous Systems} (8... Re8 9. h3 Bf8 10. d5 cxd5 11. exd5 h5 12. Be3 b6 13. Qd2 Ba6 14. Nb5 Nc5 15. Nec3 Qd7 16. b3 Bb7 {0-1 (39) Ghaem Maghami,E (2596)-Movsesian,S (2658) Berlin 2015}) 9. h3 Qc7 10. g4 {[%cal Bg3g4,Bg4g5][%mdl 32]} Rd8 $146 ({Predecessor:} 10... Re8 11. Ng3 Nb6 12. Kh1 Nfd7 13. Nf5 Nf8 14. Nxe7+ Qxe7 15. f4 exf4 16. Bxf4 {1-0 (36) Janachkov,A (2193)-Dimov,D (1941) Varna 2012}) 11. d5 Rb8 12. Ng3 cxd5 $2 {[#]} (12... Nf8 $14) 13. g5 $1 $18 d4 14. Nb5 ({Resist} 14. gxf6 Nxf6 15. Nb5 Qc6) 1-0

[Event "43rd Guernsey Festival 2017"]
[Site "Vale"]
[Date "2017.10.15"]
[Round "1"]
[White "Enkhtuul, Altan-Ulzii"]
[Black "Sedgwick, David"]
[Result "1-0"]
[WhiteElo "2327"]
[BlackElo "1972"]
[Annotator "TA"]
[PlyCount "57"]
[EventDate "2017.??.??"]
[EventType "swiss"]
[EventCountry "GCI"]
[SourceTitle "playchess.com"]
[Source "ChessBase"]
[SourceQuality "1"]

{[%evp 17,57,37,57,45,36,49,108,27,36,35,20,28,80,62,75,80,75,62,77,57,65,63,53,51,84,89,116,80,95,23,156,152,301,282,256,162,215,196,314,316,650,639]} 1. d4 d5 2. Nf3 c5 3. c4 e6 4. cxd5 exd5 5. Nc3 Nf6 6. Bg5 Be6 7. e3 Nc6 8. Be2 Be7 9. O-O O-O 10. Bxf6 $146 {D32: Damengambit (Tarrasch-Verteidigung)} ({Vorgänger:} 10. dxc5 Bxc5 11. Rc1 Be7 12. Nd4 Rc8 13. Nxc6 bxc6 14. Qd3 Re8 15. Rfd1 h6 16. Bf4 Bd6 17. Bxd6 Qxd6 18. Qa6 Qb8 19. Na4 Rc7 {1-0 (48) Markos,J (2565)-Dinev,D (2298) Plovdiv 2008}) 10... Bxf6 11. dxc5 Qa5 (11... Bxc3 $14 12. bxc3 Qa5) 12. Rc1 (12. Nxd5 $16 Bxb2 13. Rb1) 12... Rfd8 13. Nd4 Nxd4 14. exd4 Qb4 (14... b6 $11 {hält das Gleichgewicht.}) 15. Nb5 $16 Bd7 16. Nc7 Rab8 17. Nxd5 Qxd4 18. Nxf6+ Qxf6 19. Rc3 Bc6 20. Qc1 Qe6 21. Bc4 Qf5 22. Rg3 Rd4 23. Qc3 ({Lieber} 23. Qh6 $16 {[%csl Gg3][%cal Rh6g7]} Rg4 24. Qd6) 23... Rg4 (23... Rbd8 $11 {bleibt in der Remisbreite.}) 24. b4 {[%cal Bb2b4,Bb4b5][%mdl 32]} Rd8 (24... a6 $16 25. a4 Rc8) 25. b5 $18 Rxg3 26. Qxg3 $40 {[%mdl 128] Schwarz ist in Schwierigkeiten.} Be8 (26... Be4 {kämpft weiter.}) 27. Qc7 Rc8 (27... Qc8 {war nötig.} 28. Qe5 a6) 28. Re1 ({Weniger gut wäre} 28. Qxb7 Qxc5 29. Be2 Rc7 $16) 28... h6 $2 {[#]} (28... Qd7 29. Qxd7 Bxd7) 29. Qxb7 {Precision: Weiß = 62%, Schwarz = 13%.} 1-0

[Event "43rd Guernsey Festival 2017"]
[Site "Vale"]
[Date "2017.10.15"]
[Round "1"]
[White "Jackson, Oliver A"]
[Black "Shaw, Meyrick"]
[Result "1-0"]
[WhiteElo "2168"]
[BlackElo "1954"]
[Annotator "TA"]
[PlyCount "49"]
[EventDate "2017.??.??"]
[EventType "swiss"]
[EventCountry "GCI"]
[SourceTitle "playchess.com"]
[Source "ChessBase"]
[SourceQuality "1"]

{[%evp 12,49,-6,-6,33,27,41,45,35,36,120,69,107,104,209,200,196,198,199,200,201,134,137,129,117,95,195,191,195,195,195,195,197,197,830,311,29986,29987,29996,29995]} 1. e4 c5 2. Nc3 Nc6 3. f4 d6 4. Nf3 g6 5. Bc4 Bg7 6. O-O e6 7. d3 {LiveBook: 395 Games} a6 {B23: Closed Sicilian: Lines without g3} (7... Nge7 8. Qe1 O-O 9. f5 gxf5 10. Bb3 fxe4 11. Nxe4 d5 12. Ng3 Ng6 13. Nh5 f6 14. Nxg7 Kxg7 15. h4 Kh8 16. Bh6 Rg8 17. Qf2 {½-½ (37) Arribas Lopez,A (2511)-So,W (2808) chess.com INT 2017}) 8. f5 b5 9. fxe6 fxe6 {White is slightly better.} 10. Bb3 $1 {And now Ng5 would win.} Qb6 $146 (10... Ra7 $14) ({Predecessor:} 10... Nf6 11. a4 b4 12. Ne2 O-O 13. h3 Qe7 14. Bg5 h6 15. Be3 {½-½ (58) Bisguier,A-Bellon Lopez,J Palma de Mallorca 1971}) 11. Qe1 (11. Be3 $16) 11... Nge7 12. Kh1 $36 {[%mdl 2048] White is in control.} Nd4 (12... O-O $16 {keeps fighting.}) 13. Nxd4 $1 $18 cxd4 14. Ne2 ({Inferior is} 14. Qf2 Rf8 $19) 14... Nc6 15. Bd2 Ra7 16. c3 dxc3 17. Bxc3 Rf8 18. Rxf8+ Kxf8 (18... Bxf8 $16 19. Qg3 Rf7) 19. Nf4 $1 Re7 20. Bxg7+ $1 Kxg7 21. Qc3+ $1 Kg8 {[#]} 22. Rc1 $1 Na7 $2 {[#]} (22... Bd7) 23. Qf6 $2 (23. Nd5 $1 {[%mdl 512]} exd5 24. Bxd5+ Be6 25. Qf6 Bxd5 26. Qxe7) 23... Qe3 $2 (23... Rf7 $18 24. Rxc8+ (24. Bxe6 Bxe6 25. Qxe6 Qf2 $16) 24... Nxc8 25. Bxe6 (25. Qxe6 Qc7 $16) 25... Qc7) 24. Rf1 Nc6 {[#]} 25. Nd5 $1 {[%mdl 512] Precision: White = 63%, Black = 15%.} 1-0

[Event "43rd Guernsey Festival 2017"]
[Site "Vale"]
[Date "2017.10.15"]
[Round "1"]
[White "Bennett, David Michael"]
[Black "Hoogakker, Peter"]
[Result "0-1"]
[WhiteElo "2159"]
[BlackElo "1769"]
[Annotator "TA"]
[PlyCount "54"]
[EventDate "2017.??.??"]
[EventType "swiss"]
[EventCountry "GCI"]
[SourceTitle "playchess.com"]
[Source "ChessBase"]
[SourceQuality "1"]

{[%evp 9,54,2,37,15,33,25,43,25,24,0,14,21,18,-2,-4,-48,-18,-55,-55,-63,-61,-50,4,16,6,14,21,-168,-155,-168,-170,-172,-166,-175,-168,-140,252,-773,-545,-522,-520,-29994,-29995,-29996,-29996,-29996,-29997]} 1. Nf3 Nf6 2. d4 d6 3. Bf4 c6 4. Nbd2 Nh5 (4... Bf5 5. e3 Qc7 6. h3 Nbd7 7. Bg3 Ne4 8. Nxe4 Bxe4 9. Bd3 Bxd3 10. Qxd3 g6 11. O-O Bg7 12. c4 {1-0 (30) Capo Vidal,U (2314)-Calicoca,W (2190) Baku 2016}) 5. Be3 d5 $146 ({Predecessor:} 5... Nd7 6. g3 e5 7. dxe5 Nxe5 8. Bg2 Be7 9. Nxe5 dxe5 10. Nc4 O-O 11. Qxd8 Rxd8 12. Nxe5 {1-0 (43) Dam Hansen,J-Michael,H IECG email 2000}) 6. g3 {A46: 1 d4 Nf6 2 Nf3 e6: Torre, London and Colle Systems} Bf5 7. Bg2 h6 8. O-O {White is slightly better.} Nd7 9. Rc1 Nhf6 10. c4 e6 11. c5 Ng4 12. Rc3 Be7 13. Nb3 Nxe3 14. Rxe3 h5 15. h4 g5 ({Better is} 15... O-O $15) 16. Nxg5 Bxg5 17. hxg5 Qxg5 {Strongly threatening ...h4.} 18. f4 $2 (18. Na5 $11) 18... Qg7 19. Na5 {[#]} Rb8 $1 20. Rb3 h4 21. Nxb7 Rxb7 ({Don't do} 21... hxg3 22. Nd6+ Ke7 23. Nxf5+ exf5 24. Rff3 $11) 22. Rxb7 h3 $2 {[%mdl 8192]} (22... hxg3 $17 {and life is bright.} 23. Rf3 (23. Rxa7 $2 Qh7 $19) 23... Be4) 23. Rf2 $4 {[%mdl 8192]} (23. Bf3 $18) 23... hxg2 24. Rxg2 Be4 {Hoping for ...Rh3.} 25. Qf1 (25. Rxa7 $19 Rh3 26. Qe1) 25... Qxd4+ {Black mates.} 26. Qf2 Qd1+ 27. Qf1 {[#]} Rh1+ $1 {[%mdl 512] Precision: White = 30%, Black = 45%.} 0-1

[Event "43rd Guernsey Festival 2017"]
[Site "Vale"]
[Date "2017.10.15"]
[Round "1"]
[White "Mack, Wolfgang"]
[Black "Prill, Gerhard"]
[Result "1-0"]
[WhiteElo "2149"]
[BlackElo "1948"]
[Annotator "TA"]
[PlyCount "87"]
[EventDate "2017.??.??"]
[EventType "swiss"]
[EventCountry "GCI"]
[SourceTitle "playchess.com"]
[Source "ChessBase"]
[SourceQuality "1"]

{[%evp 14,87,19,10,29,26,52,46,47,22,30,7,12,-43,27,45,81,77,64,26,60,52,50,56,43,41,52,24,47,0,38,0,25,10,31,29,49,0,58,34,64,10,68,11,17,24,24,22,34,24,121,101,116,70,122,85,126,114,111,120,118,127,241,83,85,24,156,34,41,43,659,648,29988,29989,29989,29990]} 1. g3 d5 2. c4 e6 3. Nf3 Nf6 4. b3 c5 5. Bb2 Be7 6. Bg2 {A13: English Opening: 1...e6} Nc6 7. cxd5 (7. O-O O-O 8. e3 d4 9. exd4 cxd4 10. Re1 a5 11. a3 Bc5 12. d3 Nd7 13. Nbd2 e5 14. Ne4 Be7 15. Bc1 Re8 16. Ra2 Nc5 17. Nxc5 Bxc5 18. Rae2 {0-1 (53) Piorun,K (2657)-Sarana,A (2457) Tallinn 2016}) 7... exd5 8. O-O {LiveBook: 26 Games. The position is equal.} Bf5 9. d4 b6 10. Nc3 O-O 11. Rc1 Rc8 12. h3 $146 ({Predecessor:} 12. dxc5 bxc5 13. Ne1 d4 14. Na4 Qa5 15. Nd3 Nb4 16. Nxb4 Qxb4 17. Re1 Rfd8 {½-½ (89) Meijers,V (2490)-Mierins,E (2150) Riga 2017}) 12... h6 13. Ne5 (13. e3 $11) 13... Be6 (13... Nxd4 $15 14. e3 Nc6) 14. e3 $11 Qc7 15. f4 Rcd8 16. f5 Bc8 17. Nb5 Qb7 18. Nxc6 Qxc6 19. Nxa7 Qc7 20. Nxc8 Rxc8 21. g4 Rfd8 22. a4 (22. Qd2 {seems wilder.} Ra8 23. a4 Re8 24. Qf2 Rac8 25. Kh1) 22... Qa7 (22... Re8 {keeps more tension.} 23. Rc2 Qg3 24. Qe1 Qb8 25. Qf2 Bd6) 23. Qe2 Rd7 24. Rfd1 Re8 25. Kh1 Qa8 ({Black should try} 25... Bd6 $11) 26. Qb5 Qd8 {[#]} 27. Rc2 (27. a5 $1 $14 {[%mdl 512]} c4 (27... bxa5 28. dxc5) 28. bxc4 bxa5 29. c5) 27... Bf8 (27... Bd6 $11) 28. dxc5 (28. a5 $14 c4 29. bxc4 bxa5 30. c5) 28... Bxc5 {White should prevent ...Nxg4.} 29. Bxf6 gxf6 30. e4 Re5 31. b4 $36 {[%mdl 2048] White fights for an advantage.} Be3 (31... Bd6 $11) 32. exd5 $16 {Black must now prevent Qa6.} Qe7 33. Re2 {Rc2 is the strong threat.} Rd6 (33... Kg7 $14 34. Rb2 Rc7) 34. Qd3 {Threatens to win with Bf3.} Bg5 35. Rxe5 Qxe5 36. a5 bxa5 37. bxa5 {And now a6 would win.} Qb2 (37... Qe8 $16 38. Qf1 Qd7) 38. Qg3 $2 (38. a6 $18 {is more deadly.} Qf2 39. Qa3) 38... Qb4 39. Ra1 (39. Qe1 $16 Qc5 40. Qe7) 39... Bf4 {[#]} (39... Ra6 $11 {keeps the balance.}) 40. Qa3 ({Only move:} 40. Qe1 $1 $16 {[%cal Re1b4]} Qxe1+ 41. Rxe1) 40... Qd2 $14 41. a6 Rxd5 $2 {[%mdl 8192]} (41... Be5 $14 42. Rf1 (42. a7 Qf4 $11) 42... Rd8) 42. a7 $18 Rd3 43. a8=Q+ Kh7 44. Qa2 {Precision: White = 21%, Black = 23%.} 1-0

[Event "43rd Guernsey Festival 2017"]
[Site "Vale"]
[Date "2017.10.15"]
[Round "1"]
[White "Timmermans, Ivo"]
[Black "Agustsson, Hafsteinn"]
[Result "1-0"]
[WhiteElo "2126"]
[BlackElo "1925"]
[Annotator "TA"]
[PlyCount "47"]
[EventDate "2017.??.??"]
[EventType "swiss"]
[EventCountry "GCI"]
[SourceTitle "playchess.com"]
[Source "ChessBase"]
[SourceQuality "1"]

{[%evp 9,47,32,32,26,20,20,25,19,32,31,20,6,0,11,8,0,0,0,88,87,163,117,138,109,149,151,237,227,291,203,392,434,389,354,348,348,755,747,744,722]} 1. e4 c5 2. Nf3 Nc6 3. Bb5 e6 4. c3 a6 (4... Nge7 5. O-O a6 6. Ba4 c4 7. Bc2 Ng6 8. b3 b5 9. a4 Bb7 10. Na3 d5 11. exd5 Qxd5 12. Re1 Na5 13. axb5 {½-½ (13) Popovic,D (2523)-Grigoryan,K (2604) Montcada 2016}) 5. Bxc6 bxc6 6. O-O {B30: Sicilian: 2...Nc6 3 Bb5, lines without ...g6} d5 7. Qa4 Bd7 8. d3 {White has an edge.} Qc7 9. Re1 $146 ({Predecessor:} 9. c4 Bd6 10. Re1 e5 11. Qc2 d4 12. h3 h6 13. Nh2 Nf6 {1-0 (33) Juhasz,B (1755)-Koplandi,P (100) Hungary 2009}) 9... Ne7 10. Nbd2 {[%cal Bb1d2,Bd2b3,Bb3c5,Bc5a6,Ba6c7][%mdl 32]} Ng6 11. e5 Be7 12. Qg4 h5 13. Qg3 O-O-O (13... h4 $11 14. Qg4 a5) 14. Nb3 Rdf8 (14... c4 $16) 15. Be3 Qb6 16. Rab1 a5 17. d4 c4 (17... h4 $16 18. Qg4 (18. dxc5 Qxb3 19. Qxg6 Qxc3 $16) 18... cxd4 19. cxd4 h3) 18. Nc5 $18 Qc7 19. h4 Qd8 $2 (19... Bxc5 20. dxc5 a4) 20. b3 {[%cal Bb2b3,Bb3c4][%mdl 32]} Nxh4 21. bxc4 Nf5 22. Na6 {[%csl Ga6][%cal Rb1b8] [#]} Qc7 $2 (22... Bb4) 23. Nxc7 {Strongly threatening Na6!} Nxg3 24. Na6 {Precision: White = 75%, Black = 38%.} ({Stronger than} 24. fxg3 Kxc7 25. Bg5 Bxg5 $11) 1-0

[Event "43rd Guernsey Festival 2017"]
[Site "Vale"]
[Date "2017.10.15"]
[Round "1"]
[White "Curtis, John E"]
[Black "Hawkins, James N H"]
[Result "1/2-1/2"]
[WhiteElo "2093"]
[BlackElo "1920"]
[Annotator "NA RC"]
[PlyCount "48"]
[EventDate "2017.??.??"]
[EventType "swiss"]
[EventCountry "GCI"]
[SourceTitle "playchess.com"]
[Source "ChessBase"]
[SourceQuality "1"]
[TimeControl "40/6000+30:2400+30"]

{[%evp 8,48,3,8,0,32767,32767,32767,25,22,28,28,20,-7,32767,4,17,7,29,34,23,6,17,8,17,13,25,12,26,20,48,15,32767,32767,72,32767,0,6,5,17,7,-12,20]} 1. d4 {[%emt 0:00:00]} Nf6 {[%emt 0:00:09]} 2. Nf3 {[%emt 0:00:00]} e6 {[%emt 0:01:17]} 3. e3 {[%emt 0:00:00]} b6 {[%emt 0:00:28]} 4. Bd3 {[%emt 0:00:33]} Bb7 {[%emt 0:00:08]} 5. Nbd2 {[%emt 0:00:10]} d5 {[%emt 0:03:47]} 6. O-O {[%emt 0:01:45]} Nbd7 {[%emt 0:01:23]} 7. b3 {[%emt 0:03:12] D05: Colle System with ...e6} (7. c4 Bd6 8. Qe2 Ne4 9. cxd5 exd5 10. Ba6 Qc8 11. Bxb7 Qxb7 12. b3 O-O 13. Bb2 Rae8 14. Rac1 Re6 15. Rc2 Nxd2 16. Qxd2 a5 17. Qc1 a4 18. Ba3 c5 {½-½ (18) Tomashevsky,E (2710)-Jakovenko,D (2710) Sochi 2017}) 7... g6 {[%emt 0:10:11]} 8. Bb2 {[%emt 0:01:15]} Bg7 {[%emt 0:00:09]} 9. c4 {[%emt 0:13:24]} O-O {[%emt 0:05:49] LiveBook: 3 Games} 10. Rc1 {[%emt 0:02:28]} Ne4 {[%emt 0:14:26]} 11. Qc2 {[%emt 0:11:41]} Nxd2 {[%emt 0:02:28]} 12. Nxd2 {[%emt 0:01:00]} Rc8 {[%emt 0:13:54]} 13. cxd5 {[%emt 0:14:10]} exd5 {[%emt 0:00:27]} 14. Nf3 $146 {[%emt 0:04:53]} Re8 {[%emt 0:00:32]} 15. Rfd1 {[%emt 0:01:44]} Qe7 {[%emt 0:02:56]} 16. Qe2 {[%emt 0:02:10]} Nb8 {[%emt 0:04:23]} 17. Rd2 {[%emt 0:06:46]} Red8 {[%emt 0:10:24]} 18. Rdc2 {[%emt 0:00:27]} a6 {[%emt 0:01:23]} 19. Qd2 {[%emt 0:06:04]} f6 {[%emt 0:07:16]} 20. b4 {[%emt 0:02:46]} Bf8 {[%emt 0:01:07]} 21. b5 {[%emt 0:07:18]} axb5 {[%emt 0:03:58]} 22. Bxb5 {[%emt 0:00:34]} c6 {[%emt 0:01:13]} 23. Bd3 {[%emt 0:02:12]} Nd7 {[%emt 0:04:34]} 24. Re1 {[%emt 0:07:39]} f5 $11 {[%emt 0:00:20]} 1/2-1/2

[Event "43rd Guernsey Festival 2017"]
[Site "Vale"]
[Date "2017.10.15"]
[Round "1"]
[White "Van Gils, Martin"]
[Black "Hillarp Persson, Tiger"]
[Result "0-1"]
[WhiteElo "1978"]
[BlackElo "2517"]
[Annotator "TA"]
[PlyCount "78"]
[EventDate "2017.??.??"]
[EventType "swiss"]
[EventCountry "GCI"]
[SourceTitle "playchess.com"]
[Source "ChessBase"]
[SourceQuality "1"]

{[%evp 11,77,-7,16,-25,-1,-13,-3,-32,12,-15,-8,-20,-2,-104,-94,-173,-161,-147,-171,-271,-244,-327,-285,-354,-326,-329,-264,-346,-335,-312,-304,-327,-302,-481,-460,-433,-410,-515,-444,-479,-479,-443,-390,-520,-477,-557,-538,-606,-547,-663,-650,-817,-771,-1424,-1379,-2271,-1383,-1267,-1173,-1300,-1790,-29979,-29976,-29995,-29996,-29998,-29999,-29999]} 1. Nf3 g6 2. g3 Bg7 3. Bg2 d6 4. d3 e5 5. c4 Ne7 6. Nc3 O-O {LiveBook: 32 Games. A21: English Opening: 1...e5 2 Nc3} 7. Bg5 (7. Rb1 h6 8. O-O f5 9. Nd2 Nd7 10. b4 Nf6 11. b5 g5 12. e3 Ng6 13. Nd5 Nxd5 14. cxd5 g4 15. f4 exf4 16. exf4 h5 17. Bb2 Bxb2 18. Rxb2 h4 19. Re1 Qf6 {1-0 (46) Erdogdu,M (2441)-Yilmazyerli,M (2443) Gebze 2016}) 7... f6 $146 {[%cal Bf7f6,Bf6f5][%mdl 32]} ({Predecessor:} 7... h6 8. Bd2 Nd7 9. Qc1 Kh7 10. h4 Nf5 11. Ne4 Nc5 12. h5 g5 13. Nxc5 dxc5 14. g4 {0-1 (29) Horsak,J (1957)-Klein,P (2099) Slovakia 2007}) 8. Bd2 h6 {The position is equal.} 9. Qc2 f5 10. h3 c6 11. O-O-O d5 {[%cal Bd6d5,Bd5d4][%mdl 32]} 12. e4 (12. Kb1 $11 {keeps the balance.}) 12... d4 $17 13. Nb1 (13. Na4 $17) 13... fxe4 $19 14. dxe4 Be6 15. g4 (15. Na3 $142) 15... a5 16. Rhf1 Na6 17. Ne1 b5 18. c5 Bc4 {...d3 is the strong threat.} ({Much less strong is} 18... Bxa2 19. b3 $19) 19. Nd3 Bxd3 (19... Bxa2 20. b3 $19) 20. Qxd3 Nxc5 21. Qc2 Qd6 22. b4 (22. Na3 {was worth a try.}) 22... Ne6 23. bxa5 Kh7 24. h4 Nf4 25. Bxf4 Rxf4 ({Less strong is} 25... exf4 26. e5 $19) 26. h5 Rxa5 27. f3 Rf8 {[%cal Bf4f8,Bf8a8,Ba8a3][%mdl 32]} 28. Rh1 Rfa8 29. a3 g5 30. Rd2 c5 {[%cal Bc6c5,Bc5c4][%mdl 32]} 31. Bf1 c4 32. Rf2 Rxa3 33. Nxa3 Rxa3 34. Qb2 d3 {aiming for ...c3.} 35. Rhh2 Nc6 36. Qxb5 Ra1+ {Black mates.} 37. Kd2 Qd4 {[%csl Gd4][%cal Rc4c3]} 38. Qxc6 Ra2+ 39. Kd1 Qa1# {Precision: White = 17%, Black = 61%.} 0-1

[Event "43rd Guernsey Festival 2017"]
[Site "Vale"]
[Date "2017.10.15"]
[Round "1"]
[White "Dijksterhuis, Rolf"]
[Black "Johnsen, Gunnar"]
[Result "1/2-1/2"]
[WhiteElo "1955"]
[BlackElo "2178"]
[Annotator "TA"]
[PlyCount "62"]
[EventDate "2017.??.??"]
[EventType "swiss"]
[EventCountry "GCI"]
[SourceTitle "playchess.com"]
[Source "ChessBase"]
[SourceQuality "1"]

{[%evp 9,62,10,30,4,45,35,46,19,29,36,56,29,39,37,37,38,49,14,14,20,25,28,63,52,56,41,43,46,55,47,60,49,44,34,39,31,40,10,17,17,17,17,17,17,17,17,29,26,38,0,0,0,33,0,0]} 1. e4 e6 2. d4 d5 3. Nc3 Bb4 4. Nge2 Nc6 5. e5 Nge7 (5... f6 6. f4 Nh6 7. a3 Ba5 8. b4 Bb6 9. Na4 fxe5 10. dxe5 O-O 11. g3 Bd7 12. Bh3 Nf5 13. Nxb6 axb6 {1-0 (45) Ponkratov,P (2607)-Maier,C (2390) Tallinn 2016}) 6. Ng3 {C15: French: 3 Nc3 Bb4: Unusual White 4th moves} Nf5 7. Nxf5 exf5 8. Be2 {White is slightly better.} Be6 9. O-O O-O 10. Bf3 $146 ({Predecessor:} 10. Nb1 f6 11. c3 Be7 12. exf6 Bxf6 13. Bf3 {0-1 (51) Clark,I (2109)-Lock,G (2158) Guernsey 2004}) 10... Be7 11. Re1 Qd7 12. g3 Rad8 13. h4 f6 14. exf6 Bxf6 15. Ne2 $1 Rfe8 16. c3 Bf7 17. Nf4 Rxe1+ 18. Qxe1 Re8 19. Qf1 Ne7 20. Bd2 Nc8 21. Re1 c6 22. Rxe8+ Qxe8 23. Qe2 Qxe2 24. Bxe2 Nd6 25. f3 Kf8 26. Kf2 Ke7 27. b3 g6 28. Nd3 Be6 29. Bf4 Nb5 30. Bd2 Nd6 31. Bf4 Nb5 {Precision: White = 53%, Black = 65%.} 1/2-1/2

[Event "43rd Guernsey Festival 2017"]
[Site "Vale"]
[Date "2017.10.15"]
[Round "1"]
[White "Marley, Andrew S G"]
[Black "Whatley, Stephen A J"]
[Result "0-1"]
[WhiteElo "1949"]
[BlackElo "2159"]
[Annotator "TA"]
[PlyCount "56"]
[EventDate "2017.??.??"]
[EventType "swiss"]
[EventCountry "GCI"]
[SourceTitle "playchess.com"]
[Source "ChessBase"]
[SourceQuality "1"]

{[%evp 16,56,27,-17,47,50,71,41,79,77,62,58,75,67,178,56,163,145,303,274,247,-10,-14,-235,-162,-265,-275,-312,-161,-153,-160,-162,-154,-171,-176,-261,-243,-335,-253,-418,-412,-29974,-9868]} 1. c4 f5 2. g3 Nf6 3. Bg2 d6 4. Nc3 c6 5. d3 g6 6. e4 Bg7 7. Nge2 O-O 8. O-O e5 9. b4 {LiveBook: 3 Games. A21: English Opening: 1...e5 2 Nc3} (9. exf5 Bxf5 10. h3 Na6 11. Be3 Kh8 12. Qd2 Qd7 13. Kh2 d5 14. cxd5 cxd5 15. d4 e4 16. Rac1 Rac8 17. b3 {½-½ (29) Nevednichy,V (2554)-Guseinov,G (2613) Tromsoe 2014}) 9... Nh5 (9... fxe4 $11 10. dxe4 Be6) 10. exf5 $1 $14 gxf5 11. Rb1 $146 {White is better.} ({Predecessor:} 11. Qb3 Qc7 12. f4 Be6 13. Bf3 Qf7 14. a4 Nd7 15. Be3 Nhf6 16. Rae1 e4 17. dxe4 fxe4 18. Nxe4 Nxe4 19. Bxe4 Bxc4 {0-1 (50) Torres Maesso,P (2176)-Rodriguez Perez,D (2059) Las Palmas 2009}) 11... f4 12. Bf3 Nf6 13. b5 Bh3 14. Re1 Ng4 (14... fxg3 $14 15. Nxg3 Qd7) 15. bxc6 (15. gxf4 Qh4 $17) (15. Ne4 $1 $18) 15... bxc6 (15... Nxc6 $14 16. Rxb7 fxg3 17. Bd5+ (17. Nxg3 Nxf2 18. Bd5+ Kh8 $11) 17... Kh8 18. Nxg3 (18. hxg3 Rxf2 19. Ne4 Rg2+ 20. Kh1 Rb8 $19) 18... Nxf2) 16. Ne4 $1 $18 {[%cal Re2f4] Black must now prevent Nxf4!} (16. gxf4 Qh4 $17) 16... d5 $2 (16... Nd7 $16) 17. cxd5 cxd5 {[#]} 18. Nd2 $2 (18. gxf4 dxe4 19. Bxe4 Qh4 $1 $17 {[%mdl 512]}) ({White should play} 18. Nxf4 $1 $18 {[%mdl 512]} exf4 19. Bxg4 fxg3 20. Bxh3 (20. hxg3 Bxg4 21. Qxg4 dxe4 $11) 20... gxh2+ 21. Kxh2 dxe4 22. Qh5 (22. Rxe4 Nc6 $18) (22. dxe4 Nc6 $18)) 18... Nc6 $11 (18... fxg3 19. Nxg3 Qd7 20. Ba3 $14) 19. Nc3 $2 (19. Rb5 $11 {and White stays safe.}) 19... fxg3 20. hxg3 {[#]} (20. fxg3 $142 Rxf3 21. Nxf3) 20... Nxf2 $1 $19 {[%mdl 512]} 21. Bxd5+ {[#]} ({But not} 21. Kxf2 e4 $17) 21... Qxd5 $1 {[%mdl 512]} 22. Nxd5 Nxd1 23. Rxd1 Rad8 $36 {[%mdl 2048] Black has strong initiative.} 24. Rb5 Be6 25. Nc7 (25. Nc3 {was worth a try.}) 25... Bg4 26. Re1 Nd4 ({Don't take} 26... Rxd3 27. Rb3) 27. Rb7 $2 (27. Rd5 {keeps fighting.}) 27... Bh6 {Threatens to win with ...Bxd2.} 28. Nb3 (28. Rb4 $19 Bxd2 29. Bxd2 Nf3+ 30. Kf2 Nxe1+ 31. Kxe1) 28... Nf3+ {Precision: White = 26%, Black = 35%.} 0-1